Logo BPK

Biblioteka

Politechniki Koszalińskiej

Ekologia a budownictwo : (Rekord nr 32566)

Szczegóły MARC
000 -ETYKIETA REKORDU
podpole kontrolne o stałej długości 00926nam a2200229 i 4500
001 - NUMER KONTROLNY REKORDU
pole kontrolne bg
040 ## - ŹRÓDŁO KATALOGOWANIA
Instytucja, która utworzyła rekord BPK
041 0# - KOD JĘZYKA
Kod języka tekstu plsk
080 ## - UNIWERSALNA KLASYFIKACJA DZIESIĘTNA - UKD
UKD 69:504:628.1/.8](061.3)
008 - POLE O STAŁEJ DŁUGOŚCI - DANE KONTROLNE
podpole kontrolne o stałej długości s pl f |000 0 pol
245 00 - TYTUŁ/ODPOWIEDZIALNOŚĆ
Tytuł Ekologia a budownictwo :
Ciąg dalszy tytułu IX [dziewiąta] Ogólnopolska Interdyscyplinarna Konferencja Naukowo-Techniczna, Bielsko-Biała 16-18. /
Pozostałe elementy strefy tytułu i oznaczenia odpowiedzialności org. Urząd Wojewódzki, Wydział Ochrony Środowiska, Bielsko-Biała [et al.] ; Rada Naukowa Konferencji Leonard Runkiewicz [et al.]
Oznaczenie części/sekcji dzieła 0.
-- 997.
260 ## - STREFA ADRESU WYDAWNICZEGO
Miejsce wydania [Bielsko-Biała :
Nazwa wydawcy/dystrybutora s.n.,
Data publikacji, dystrybucji/powstania dokumentu 1997].
300 ## - STREFA OPISU FIZYCZNEGO
Objętość 238 s. :
Inne cechy fizyczne mapy, rys., wykr. ;
Rozmiary 21 cm.
500 ## - UWAGI OGÓLNE
Tekst uwagi Tekst część. w jęz. pol. i słowac.
504 ## - UWAGA DOTYCZĄCA BIBLIOGRAFII
Informacje o bibliografii Bibliogr. przy ref.
650 #9 - HASŁO PRZEDMIOTOWE W FORMIE NAZWY OGÓLNEJ LUB JEDNOSTKOWEJ
Nazwa ogólna lub geograficzna Budownictwo
650 #9 - HASŁO PRZEDMIOTOWE W FORMIE NAZWY OGÓLNEJ LUB JEDNOSTKOWEJ
Nazwa ogólna lub geograficzna Budownictwo a środowisko człowieka
650 #9 - HASŁO PRZEDMIOTOWE W FORMIE NAZWY OGÓLNEJ LUB JEDNOSTKOWEJ
Nazwa ogólna lub geograficzna Materiały budowlane
Określnik ogólny higiena
650 #9 - HASŁO PRZEDMIOTOWE W FORMIE NAZWY OGÓLNEJ LUB JEDNOSTKOWEJ
Nazwa ogólna lub geograficzna Odpady
Określnik ogólny stosowanie
-- budownictwo
655 ## - TERMIN INDEKSOWY - OKREŚLENIE RODZAJU/FORMY DOKUMENTU
Określenie rodzaju/formy dokumentu Materiały konferencyjne
856 ## - LOKALIZACJA I DOSTĘP DO ELEKTRONICZNYCH DOKUMENTÓW ZDALNYCH
Link (URL) http://koha.tu.koszalin.pl/cgi-bin/koha/opac-detail.pl?biblionumber=32566
Tekst linku Katalog online BPK
942 ## - DODATKOWE ELEMENTY (KOHA)
Typ dokumentu Książka
Egzemplarze
Wycofany Status egzemplarza Uszkodzony Dostępność Lokalizacja stała Lokalizacja bieżąca Miejsce przechowywania Sygnatura Kod kreskowy Typ dokumentu
      Dostępny Biblioteka Politechniki Koszalińskiej Biblioteka Politechniki Koszalińskiej Wypożyczalnia BG 41733 01295405 Książka
© 2023 Biblioteka Politechniki Koszalińskiej :: KOHA